000 00737cam a22002653a 4500
001 23974
003 PGUSA
005 20140828083518.0
008 071201s2007||||xxu|||||s|||||000 | eng d
040 _aPGUSA
_beng
042 _adc
050 4 _aBL
100 1 _aLaozi
245 1 4 _aThe Tao Teh King, or the Tao and its Characteristics
_h[electronic resource] /
_cLaozi
260 _bProject Gutenberg,
_c2007
506 _aPublic domain in the USA.
516 _aElectronic text
653 _aPhilosophy, Chinese
653 _aTaoism -- Sacred books
700 1 _aLegge, James,
_d1815-1897
740 0 _aTao Te Ching
830 0 _aProject Gutenberg
_v23974
856 4 0 _uhttp://www.gutenberg.org/ebooks/23974
942 _cEB
999 _c253229
_d253229